| 000 -LEADER |
| fixed length control field |
01363pab a2200193 454500 |
| 008 - FIXED-LENGTH DATA ELEMENTS--GENERAL INFORMATION |
| fixed length control field |
180718b2008 xxu||||| |||| 00| 0 eng d |
| 100 ## - MAIN ENTRY--PERSONAL NAME |
| Personal name |
Bramall, Chris |
| 245 ## - TITLE STATEMENT |
| Title |
Rural industrialisation and spatial inequality in China, 1978-2006 |
| 260 ## - PUBLICATION, DISTRIBUTION, ETC. |
| Date of publication, distribution, etc. |
2008 |
| 300 ## - PHYSICAL DESCRIPTION |
| Extent |
p.43-50. |
| 362 ## - DATES OF PUBLICATION AND/OR SEQUENTIAL DESIGNATION |
| Dates of publication and/or sequential designation |
27 Dec |
| 520 ## - SUMMARY, ETC. |
| Summary, etc. |
This study analyses the impact of rural indusrtrialization in China on poverty and spatial inequality at the county level between 1982 and 2000. the most positive consequence of industrialization has been its combination to absolute poverty reduction, especially in the coastal provinces. Much less clear is whether migration - mainly from west to east and drives by rural industrialization - has contributed to poverty reduction in the interior. for, remittances have accrued mainly to the relatively well off rather than to the rural poor. More, negatively, countries which were large exporters of labour have suffered a skill drain. However, the main adverse effect of rural industrialization has been its excerbation of spatial inequality, which has also resulted in a rise of inequalities in per capita GDP among China"s countries. - Reproduced. |
| 650 ## - SUBJECT ADDED ENTRY--TOPICAL TERM |
| Topical term or geographic name entry element |
Income distribution - China |
| 650 ## - SUBJECT ADDED ENTRY--TOPICAL TERM |
| Topical term or geographic name entry element |
Industrialization - China |
| 650 ## - SUBJECT ADDED ENTRY--TOPICAL TERM |
| Topical term or geographic name entry element |
Industrialization |
| 773 ## - HOST ITEM ENTRY |
| Main entry heading |
Economic and Political Weekly |
| 908 ## - PUT COMMAND PARAMETER (RLIN) |
| Put command parameter |
N |
| 909 ## - |
| -- |
80792 |